Correspondence between education and the world of work : (Record no. 211577)
[ view plain ]
| 000 -CABECERA | |
|---|---|
| campo de control de longitud fija | 01017cam a22002657a 4500 |
| 003 - IDENTIFICADOR DEL NÚMERO DE CONTROL | |
| campo de control | MX-MxUPN |
| 005 - FECHA Y HORA DE LA ÚLTIMA TRANSACCIÓN | |
| campo de control | 20241008163542.0 |
| 008 - ELEMENTOS DE LONGITUD FIJA--INFORMACIÓN GENERAL | |
| campo de control de longitud fija | 240816s1978 fr| |||fr ||| 000 0 spa d |
| 040 ## - FUENTE DE LA CATALOGACIÓN | |
| Centro catalogador/agencia de origen | MX-MxUPN |
| Lengua de catalogación | spa |
| 041 0# - CÓDIGO DE IDIOMA | |
| Código de lengua del texto/banda sonora o título independiente | eng |
| 050 #4 - SIGNATURA TOPOGRÁFICA DE LA BIBLIOTECA DEL CONGRESO | |
| Número de clasificación | HD6276.52 S7 |
| Número de documento/Ítem | H35 1978 |
| 100 1# - ASIENTO PRINCIPAL--NOMBRE PERSONAL | |
| 9 (RLIN) | 28384 |
| Nombre de persona | Hallak, Jacques, |
| Fechas asociadas al nombre | 1937- |
| 100 1# - ASIENTO PRINCIPAL--NOMBRE PERSONAL | |
| 9 (RLIN) | 53960 |
| Nombre de persona | Versluis, Jan |
| 245 10 - MENCIÓN DE TÍTULO | |
| Título | Correspondence between education and the world of work : |
| Resto del título | an alternative way of looking al labour force data with exmaples from Sudan, Singapore, Korea and Thailand |
| 250 ## - MENCIÓN DE EDICIÓN | |
| Mención de edición | Second edition |
| 260 ## - PUBLICACIÓN, DISTRIBUCIÓN, ETC. | |
| Lugar de publicación, distribución, etc. | Paris : |
| Nombre del editor, distribuidor, etc. | International Institute for educational Planning, |
| Fecha de publicación, distribución, etc. | 1978. |
| 300 ## - DESCRIPCIÓN FÍSICA | |
| Extensión | 46 páginas : |
| Otras características físicas | gráficas |
| 490 0# - MENCIÓN DE SERIE | |
| Mención de serie | Research report ; |
| Designación de volumen o secuencia | 25 |
| 650 #4 - ASIENTO SECUNDARIO DE MATERIA - TERMINO TEMATICO | |
| 9 (RLIN) | 53962 |
| Término de materia o nombre geográfico como elemento de entrada | Educación y empleo |
| Subdivisión geográfica | Sudán |
| 650 #0 - ASIENTO SECUNDARIO DE MATERIA - TERMINO TEMATICO | |
| 9 (RLIN) | 53961 |
| Término de materia o nombre geográfico como elemento de entrada | Educación y empleo |
| Subdivisión geográfica | Tailandia |
| 650 #4 - ASIENTO SECUNDARIO DE MATERIA - TERMINO TEMATICO | |
| 9 (RLIN) | 53963 |
| Término de materia o nombre geográfico como elemento de entrada | Educación y empleo |
| Subdivisión geográfica | Singapur |
| 650 #4 - ASIENTO SECUNDARIO DE MATERIA - TERMINO TEMATICO | |
| 9 (RLIN) | 53964 |
| Término de materia o nombre geográfico como elemento de entrada | Educación y empleo |
| Subdivisión geográfica | Corea (Sur) |
| 902 ## - ELEMENTOS DE DATOS B LOCAL, LDB (RLIN) | |
| Creó | MarielOrtiz/160824 |
| Modificó | VíctorGodínez/081024 |
| 942 ## - ELEMENTOS DE PUNTO DE ACCESO ADICIONAL (KOHA) | |
| Fuente del sistema de clasificación o colocación | Library of Congress Classification |
| Tipo de ítem Koha | Folleto |
| Estado de retiro | Estado de pérdida | Fuente del sistema de clasificación o colocación | Estado dañado | No para préstamo | Código de colección | Localización permanente | Ubicación/localización actual | Ubicación en estantería | Fecha de adquisición | Clasificación | Código de barras | Fecha visto por última vez | Precio válido a partir de | Tipo de ítem Koha |
|---|---|---|---|---|---|---|---|---|---|---|---|---|---|---|
| Library of Congress Classification | Disponible (Préstamo en sala) | Folletería | Bib. Gregorio Torres Quintero | Bib. Gregorio Torres Quintero | Colecciones especiales Planta alta | 16/08/2024 | HD6276.52 S7 H35 1978 | 20817f | 16/08/2024 | 16/08/2024 | Folleto |
